000 00870nam a2200253 a 4500
001 BRL_1002
005 20190320211004.0
008 301013s1972----mx-#######---#000-0#spa-#
041 _aspa
044 _amx
050 4 _aF1230
_b.I35 1972
100 1 _aIglesia, Ramón
_d1905-1948
_911216
245 1 0 _aCronistas e historiadores de la conquista de México
_bEl ciclo de Hernán Cortés
_cRamón Iglesia ; Prólogo de Juan A. Ortega y Medina.
260 _aMéxico
_bSecretaría de Educación Pública
_c1972
300 _a328 p.
_c17 cm.
440 0 _aSepsetentas
_v16
_922717
500 _aAu1103
600 1 4 _aCortés, Hernán
_d1485-1547
_9439
650 1 4 _aHistoriadores mexicanos
_925534
651 4 _aMéxico
_xHistoria - Historiografía
_yConquista 1519-1540
_925535
700 1 _aOrtega y Medina, Juan Antonio
_epról.
_925536
902 _aGRL
942 _2lcc
_cB
999 _c9814
_d9814